| 000 | 00908 a2200313 4500 | ||
|---|---|---|---|
| 003 | Nust | ||
| 005 | 20170207154051.0 | ||
| 020 | _a0-86341-954-2 (pbk.) | ||
| 020 | _a1-84919-100-X (pdf.) | ||
| 020 | _a978-0-86341-954-6 (pbk.) | ||
| 020 | _a978-1-84919-100-5 (pdf.) | ||
| 035 | _a(OCoLC)318672799 | ||
| 035 | _a(OCoLC)ocn318672799 | ||
| 040 | _cNust | ||
| 082 | 0 | 4 | _a658.4 |
| 100 | 1 | _aWellington, Patricia | |
| 245 | 1 | 0 |
_aEffective team leadership for engineers -(E-BOOK) _cPat Wellington and Niall Foster |
| 260 |
_aStevenage : _bInstitution of Engineering and Technology, _c2009 |
||
| 300 |
_axvi, 261 p. : _bill. ; _c24 cm. |
||
| 440 | 0 |
_aIET management of technology series ; _v25 |
|
| 650 | 0 | _aArbetsgrupper | |
| 650 | 0 | _aE-BOOK | |
| 650 | 0 | _aEngineers | |
| 650 | 0 | _aEngineers | |
| 650 | 0 | _aIngenj? | |
| 650 | 0 | _aLeadership | |
| 650 | 0 | _aTeams in the workplace | |
| 700 | 1 | _aFoster, Niall | |
| 942 |
_2ddc _cBK |
||
| 999 |
_c193120 _d193120 |
||